[Event "SVK-ch U18/20"]
[Site "Tatralandia"]
[Date "2024.04.10"]
[Round "7"]
[White "Salgovic, Simon"]
[Black "Sevcik, Matej"]
[Result "1/2-1/2"]
[WhiteElo "2059"]
[BlackElo "2087"]
[PlyCount "32"]
[EventDate "2024.04.05"]
[EventType "swiss"]
[EventRounds "9"]
[EventCountry "SVK"]
[SourceTitle "CB16_2024"]
[SourceDate "2024.04.17"]
[SourceVersion "1"]
[SourceVersionDate "2024.04.17"]
[SourceQuality "1"]

1. e4 e5 2. Nf3 Nc6 3. Bb5 a6 4. Ba4 Nf6 5. 0-0 Nxe4 6. d4 Be7 7. Re1 b5 8. Bb3 d5 9. dxe5 Be6 10. c3 0-0 11. Nbd2 Nc5 12. Bc2 d4 13. cxd4 Nxd4 14. Nxd4 Qxd4 15. Nf3 Qxd1 16. Rxd1 Rad8 1/2-1/2

[Event "Bratislava Rintel Memorial 50th"]
[Site "Bratislava"]
[Date "2023.08.22"]
[Round "4"]
[White "Libich, Oliver1111"]
[Black "Salgovic, Simon"]
[Result "0-1"]
[WhiteElo "1646"]
[BlackElo "2149"]
[PlyCount "80"]
[EventDate "2023.08.21"]
[EventType "swiss"]
[EventRounds "9"]
[EventCountry "SVK"]
[SourceTitle "EXT 2024"]
[Source "ChessBase"]
[SourceDate "2023.10.10"]
[SourceVersion "1"]
[SourceVersionDate "2023.10.10"]
[SourceQuality "1"]

1. d4 Nf6 2. Bg5 Ne4 3. Bh4 d5 4. Nd2 Bf5 5. f3 Nd6 6. Bg3 e6 7. c4 Bg6 8. Rc1 Nf5 9. Bf2 Be7 10. Qb3 b6 11. Nh3 0-0 12. e3 c5 13. dxc5 Bxc5 14. e4 dxe4 15. Nxe4 Nd4 16. Qc3 Bxe4 17. fxe4 Nbc6 18. a3 a5 19. Rd1 e5 20. Bd3 f5 21. exf5 e4 22. Bb1 Rxf5 23. Rd2 Qf6 24. Kd1 Re5 25. Re1 Rae8 26. Be3 Ne6 27. Nf2 Bxe3 28. Rxe3 Nc5 29. b4 axb4 30. axb4 Nd3 31. Nxd3 exd3 32. Rexd3 Re1+ 33. Kc2 Qf1 34. Rd1 R8e2+ 35. Kc1 Qf4+ 36. R3d2 Re3 37. Qc2 g6 38. Ba2 Rxd1+ 39. Qxd1 Nxb4 40. Bb3 Re1 0-1

[Event "SVK-ch U20 rapid"]
[Site "Senec"]
[Date "2023.05.07"]
[Round "2"]
[White "Salgovic, Simon"]
[Black "Bochnicka, Vladimir1111"]
[Result "1/2-1/2"]
[WhiteElo "1847"]
[BlackElo "2133"]
[PlyCount "127"]
[EventDate "2023.05.07"]
[EventType "rapid"]
[EventRounds "7"]
[EventCountry "SVK"]
[SourceTitle "EXT 2024"]
[Source "ChessBase"]
[SourceDate "2023.10.10"]
[SourceVersion "1"]
[SourceVersionDate "2023.10.10"]
[SourceQuality "1"]

1. e4 c5 2. Nf3 Nc6 3. d4 cxd4 4. Nxd4 e5 5. Nb5 d6 6. N1c3 a6 7. Na3 Be7 8. Nc4 b5 9. Ne3 Nf6 10. Bd3 0-0 11. 0-0 Rb8 12. a4 Nb4 13. axb5 axb5 14. Nxb5 Nxd3 15. Qxd3 Nxe4 16. Qxe4 Rxb5 17. Rd1 Be6 18. c4 Rb4 19. Qc2 Qb8 20. Ra3 Rc8 21. Rc3 Bd8 22. b3 Bb6 23. Ba3 Bxe3 24. Bxb4 Bd4 25. Ba5 Bxc3 26. Bxc3 h6 27. h3 Qb6 28. Ba1 Rb8 29. Rb1 Ra8 30. Bc3 Qb7 31. Bd2 Qa6 32. Be3 Qa2 33. Rb2 Qa3 34. Kh2 Bf5 35. Qd2 Be4 36. b4 Bd3 37. c5 d5 38. f4 d4 39. Bf2 Qc3 40. fxe5 Re8 41. Ra2 Rxe5 42. Qf4 Rf5 43. Qxd4 Qc4 44. Qxc4 Bxc4 45. Ra8+ Kh7 46. Bg3 Bd5 47. Rb8 Be4 48. Rd8 Rd5 49. Rxd5 Bxd5 50. b5 Bc4 51. b6 Bd5 52. Bd6 Kg6 53. g3 Kf5 54. Kg1 h5 55. Kf2 g5 56. Ke3 g4 57. h4 Bc6 58. Kd4 Ke6 59. Kc4 Kd7 60. Kb4 Kc8 61. Ka5 Kb7 62. Kb4 Kc8 63. Ka5 Kb7 64. Kb4 1/2-1/2

[Event "SVK-ch U20"]
[Site "Dudince"]
[Date "2023.04.21"]
[Round "7"]
[White "Galla, Richard"]
[Black "Salgovic, Simon"]
[Result "0-1"]
[WhiteElo "1883"]
[BlackElo "2126"]
[PlyCount "52"]
[EventDate "2023.04.16"]
[EventType "tourn"]
[EventRounds "9"]
[EventCountry "SVK"]
[SourceTitle "CBM 213 Extra"]
[Source "ChessBase"]
[SourceDate "2023.05.31"]
[SourceVersion "1"]
[SourceVersionDate "2023.05.31"]
[SourceQuality "1"]

1. d4 Nf6 2. Bg5 Ne4 3. h4 d5 4. e3 h6 5. Bf4 Bf5 6. f3 Nd6 7. Bd3 e6 8. Ne2 Be7 9. h5 Nd7 10. c3 Bh4+ 11. Bg3 Bxg3+ 12. Nxg3 Qg5 13. Kf2 0-0-0 14. Nxf5 exf5 15. f4 Qe7 16. g4 Rde8 17. Rh3 g5 18. hxg6 fxg6 19. gxf5 gxf5 20. Nd2 Nf6 21. Qf3 Rhg8 22. Nf1 Rg7 23. Ke2 Nde4 24. Bxe4 fxe4 25. Qh1 Reg8 26. Rh2 Rg1 0-1

[Event "SVK-chT2A 2223"]
[Site "Slovakia"]
[Date "2023.03.25"]
[Round "10.5"]
[White "Salgovic, Simon"]
[Black "Puchart, Vladimir"]
[Result "1-0"]
[WhiteElo "1994"]
[BlackElo "2058"]
[PlyCount "39"]
[EventDate "2022.10.08"]
[EventType "team-tourn"]
[EventRounds "11"]
[EventCountry "SVK"]
[SourceTitle "EXT 2024"]
[Source "ChessBase"]
[SourceDate "2023.10.10"]
[SourceVersion "1"]
[SourceVersionDate "2023.10.10"]
[SourceQuality "1"]
[WhiteTeam "Bratislava Doprastav II"]
[BlackTeam "Cifer"]
[WhiteTeamCountry "SVK"]
[BlackTeamCountry "SVK"]

1. e4 c5 2. Nf3 d6 3. d4 cxd4 4. Nxd4 Nf6 5. Nc3 a6 6. Bc4 e6 7. 0-0 b5 8. Bb3 b4 9. Na4 Nxe4 10. Re1 d5 11. Nf5 Bb7 12. f3 exf5 13. fxe4 fxe4 14. Qd4 Be7 15. Qxg7 Bf6 16. Rxe4+ Kd7 17. Qxf7+ Kc8 18. Rxb4 Nd7 19. Bxd5 Rb8 20. Rc4+ 1-0

[Event "SVK-chT2A 2223"]
[Site "Slovakia"]
[Date "2023.02.12"]
[Round "9.4"]
[White "Salgovic, Simon"]
[Black "Kozinka, Roman"]
[Result "1-0"]
[WhiteElo "1994"]
[BlackElo "1945"]
[PlyCount "87"]
[EventDate "2022.10.08"]
[EventType "team-tourn"]
[EventRounds "11"]
[EventCountry "SVK"]
[SourceTitle "EXT 2024"]
[Source "ChessBase"]
[SourceDate "2023.10.10"]
[SourceVersion "1"]
[SourceVersionDate "2023.10.10"]
[SourceQuality "1"]
[WhiteTeam "Bratislava Doprastav II"]
[BlackTeam "Modranka Komplet"]
[WhiteTeamCountry "SVK"]
[BlackTeamCountry "SVK"]

1. Nf3 Nf6 2. g3 d6 3. d4 c6 4. Bg2 Nbd7 5. c4 e5 6. Nc3 Be7 7. e4 0-0 8. 0-0 Re8 9. b3 Rb8 10. Bb2 Bf8 11. Qc2 a6 12. Nd1 exd4 13. Nxd4 Nc5 14. Nc3 Ne6 15. Nf5 g6 16. Ne3 h5 17. Rad1 Bd7 18. Ba3 c5 19. Ncd5 Nxd5 20. Nxd5 Bg7 21. Bb2 Nd4 22. Bxd4 Bxd4 23. Kh1 h4 24. Rd3 Kg7 25. Rxd4 cxd4 26. Qd3 f6 27. Qxd4 Bc6 28. Nc3 Qa5 29. g4 Qe5 30. Rd1 Rbd8 31. h3 Rd7 32. Kg1 Rde7 33. Qe3 Qc5 34. Qf4 Re5 35. g5 fxg5 36. Qd2 Rf8 37. a3 Rf4 38. Qb2 g4 39. Nd5 Bxd5 40. Rxd5 Qc7 41. c5 Kh7 42. cxd6 Rxd5 43. dxc7 Rd1+ 44. Bf1 1-0

[Event "SVK-chT2A 2223"]
[Site "Slovakia"]
[Date "2022.10.08"]
[Round "1.6"]
[White "Salgovic, Simon"]
[Black "Manak, Jozef"]
[Result "1-0"]
[WhiteElo "1994"]
[BlackElo "1953"]
[PlyCount "47"]
[EventDate "2022.10.08"]
[EventType "team-tourn"]
[EventRounds "11"]
[EventCountry "SVK"]
[SourceTitle "CBM 210 Extra"]
[Source "ChessBase"]
[SourceDate "2022.11.30"]
[SourceVersion "1"]
[SourceVersionDate "2022.11.30"]
[SourceQuality "1"]
[WhiteTeam "Bratislava Doprastav II"]
[BlackTeam "Piestany Kupele"]
[WhiteTeamCountry "SVK"]
[BlackTeamCountry "SVK"]

1. e4 c5 2. Nf3 a6 3. d4 cxd4 4. Nxd4 Nf6 5. Nc3 e5 6. Nde2 Bc5 7. Ng3 d6 8. Bc4 Ng4 9. Qf3 Bxf2+ 10. Ke2 Qc7 11. Bb3 Nc6 12. Rd1 Nd4+ 13. Rxd4 Bxd4 14. Nd5 Qd7 15. Nf5 h5 16. h3 Qd8 17. Bg5 f6 18. Nxg7+ Kd7 19. Ne6 Qe8 20. hxg4 fxg5 21. Nf6+ Kc6 22. Bd5+ Kb6 23. Nxe8 Rxe8 24. Qb3+ 1-0

[Event "Level op-A 8th"]
[Site "Level"]
[Date "2022.09.10"]
[Round "4"]
[White "Paluska, Karol"]
[Black "Salgovic, Simon"]
[Result "0-1"]
[WhiteElo "1886"]
[BlackElo "2056"]
[PlyCount "60"]
[EventDate "2022.09.09"]
[EventType "swiss"]
[EventRounds "7"]
[EventCountry "HUN"]
[SourceTitle "EXT 2023"]
[Source "ChessBase"]
[SourceDate "2022.10.05"]
[SourceVersion "1"]
[SourceVersionDate "2022.10.05"]
[SourceQuality "1"]

1. d4 Nf6 2. c4 g6 3. Nc3 Bg7 4. e4 d6 5. f3 0-0 6. Be3 e5 7. d5 c6 8. Qd2 cxd5 9. cxd5 a6 10. g4 Nbd7 11. h4 b5 12. Bd3 Nc5 13. Bxc5 dxc5 14. h5 c4 15. Bc2 Ne8 16. Nge2 Bf6 17. Ng3 Bg5 18. Qh2 Nf6 19. Rd1 b4 20. Nce2 Qa5 21. Kf2 Bxg4 22. hxg6 fxg6 23. Nf5 gxf5 24. Qxe5 Rae8 25. Qh2 Qc5+ 26. Ke1 Bxf3 27. Rg1 Qe3 28. Rg3 Ng4 29. Rxg4 fxg4 30. e5 Qxe2+ 0-1

[Event "Level op-A 8th"]
[Site "Level"]
[Date "2022.09.10"]
[Round "5"]
[White "Salgovic, Simon"]
[Black "Margl, Roland"]
[Result "0-1"]
[WhiteElo "2056"]
[BlackElo "2312"]
[PlyCount "66"]
[EventDate "2022.09.09"]
[EventType "swiss"]
[EventRounds "7"]
[EventCountry "HUN"]
[SourceTitle "EXT 2023"]
[Source "ChessBase"]
[SourceDate "2022.10.05"]
[SourceVersion "1"]
[SourceVersionDate "2022.10.05"]
[SourceQuality "1"]

1. e4 c6 2. d4 d5 3. exd5 cxd5 4. c4 Nf6 5. Nc3 g6 6. Bg5 Bg7 7. Bxf6 Bxf6 8. Nxd5 Bg7 9. Nf3 Nc6 10. Be2 0-0 11. 0-0 e6 12. Nc3 Nxd4 13. Nxd4 Bxd4 14. Qb3 Qf6 15. Ne4 Qe5 16. Bf3 Bxb2 17. Rad1 Bd4 18. Rd3 f5 19. Nd6 Qxd6 20. Rfd1 Bxf2+ 21. Kxf2 Qc5+ 22. Kf1 Rb8 23. Rd8 Qe7 24. Rxf8+ Kxf8 25. Qe3 Qc7 26. Qg5 Bd7 27. Qf6+ Kg8 28. Qe7 Qxc4+ 29. Kg1 Be8 30. Bxb7 Qxa2 31. Qc7 Qb3 32. Rd8 Rxd8 33. Qxd8 Qb6+ 0-1

[Event "Piestany Slovakia op-B"]
[Site "Piestany"]
[Date "2022.07.15"]
[Round "6"]
[White "Fizer, Marek"]
[Black "Salgovic, Simon"]
[Result "1/2-1/2"]
[WhiteElo "1967"]
[BlackElo "2079"]
[PlyCount "38"]
[EventDate "2022.07.11"]
[EventType "swiss"]
[EventRounds "9"]
[EventCountry "SVK"]
[SourceTitle "CBM 209 Extra"]
[Source "ChessBase"]
[SourceDate "2022.09.30"]
[SourceVersion "1"]
[SourceVersionDate "2022.09.30"]
[SourceQuality "1"]

1. d4 d5 2. c4 dxc4 3. e3 a6 4. Bxc4 Nf6 5. Nf3 e6 6. 0-0 c5 7. Qe2 Qc7 8. b3 cxd4 9. exd4 b5 10. Bd3 Bb7 11. Bb2 Nbd7 12. Nbd2 Nd5 13. Rac1 Qb6 14. g3 N7f6 15. Ne4 Nxe4 16. Bxe4 Bd6 17. Ne5 Bxe5 18. dxe5 0-0 19. Rfd1 Rac8 1/2-1/2

[Event "SVK-ch U16"]
[Site "Stara Lubovna"]
[Date "2022.05.25"]
[Round "6"]
[White "Compel, Daniel"]
[Black "Salgovic, Simon"]
[Result "1/2-1/2"]
[WhiteElo "2106"]
[BlackElo "2091"]
[PlyCount "50"]
[EventDate "2022.05.21"]
[EventType "swiss"]
[EventRounds "9"]
[EventCountry "SVK"]
[SourceTitle "CBM 208 Extra"]
[Source "ChessBase"]
[SourceDate "2022.07.31"]
[SourceVersion "1"]
[SourceVersionDate "2022.07.31"]
[SourceQuality "1"]

1. e4 e5 2. Nf3 Nf6 3. Nxe5 d6 4. Nf3 Nxe4 5. d4 d5 6. Bd3 Nc6 7. 0-0 Be7 8. Nc3 Nxc3 9. bxc3 Bg4 10. h3 Bh5 11. Re1 0-0 12. Rb1 Rb8 13. Bf4 Bd6 14. Bxd6 Bxf3 15. Qxf3 Qxd6 16. Re3 Nd8 17. Qh5 g6 18. Qe5 Qxe5 19. Rxe5 c6 20. Re7 Kg7 21. f4 Kf6 22. Re5 Ne6 23. f5 Nc7 24. Rf1 g5 25. Rfe1 Rfe8 1/2-1/2

[Event "SVK-ch U16"]
[Site "Stara Lubovna"]
[Date "2022.05.23"]
[Round "4"]
[White "Sustek, Adam"]
[Black "Salgovic, Simon"]
[Result "0-1"]
[WhiteElo "1636"]
[BlackElo "2091"]
[PlyCount "38"]
[EventDate "2022.05.21"]
[EventType "swiss"]
[EventRounds "9"]
[EventCountry "SVK"]
[SourceTitle "CBM 208 Extra"]
[Source "ChessBase"]
[SourceDate "2022.07.31"]
[SourceVersion "1"]
[SourceVersionDate "2022.07.31"]
[SourceQuality "1"]

1. e4 d5 2. exd5 Qxd5 3. d4 Nc6 4. Nf3 Bg4 5. Be2 0-0-0 6. c3 e5 7. dxe5 Qxd1+ 8. Bxd1 Nxe5 9. 0-0 Nxf3+ 10. Bxf3 Bxf3 11. gxf3 Ne7 12. Bg5 f6 13. Be3 Nf5 14. f4 Nxe3 15. fxe3 Bc5 16. Re1 Rhe8 17. Kf1 Rxe3 18. Rxe3 Bxe3 19. f5 Bc1 0-1